History Quiz

Random History Quiz
Score 0/6 Timer 10:00
0 Plays Today
Elections won Party % Correct
22Democratic
100%
7Democratic Republican
98.3%
23Republican
98.3%
0Anti-Masonic, Free-Soil, Green, Liberal Republican, Prohibition, Socialist, Progressive, Libertarian, Constitutional Union, Reform, Independent, Third Party
98.3%
2Whig
94.8%
3Federlist
8.6%
Remove Ads.
Support Sporcle.
Get the best of Sporcle when you Go Orange. This ad-free experience offers more features, more stats, and more fun while also helping to support Sporcle. Thank you for becoming a member.

You're not logged in!

Compare scores with friends on all Sporcle quizzes.
OR
Log In

Show Comments

Extras

Created Jan 7, 2015ReportNominate
Tags:count, election, electoral, last, Party, Vote, Win, Won

Top Quizzes Today


Score Distribution

Your Account Isn't Verified!

In order to create a playlist on Sporcle, you need to verify the email address you used during registration. Go to your Sporcle Settings to finish the process.

Report this User

Report this user for behavior that violates our Community Guidelines.

Details: